| 000 | 00818nas a2200265 4500 | ||
|---|---|---|---|
| 001 | BR9805204 | ||
| 003 | BR-BrBNA | ||
| 005 | 20231205101139.0 | ||
| 007 | ta | ||
| 008 | 230509b bl.|||p| |||| 00| 00por d | ||
| 040 |
_aBR-BrBNA _bpor _cBiblioteca Nacional de Agricultura |
||
| 041 | _a(Pt) | ||
| 072 | _aF40 | ||
| 100 | 1 | _aGuarim Neto, G. | |
| 100 | 1 | _aGuarim, V.L.M.S. | |
| 100 | 1 | _aMoraes, E.C.C. de | |
| 100 | 1 | _aFerreira, L.A.D. | |
| 245 | 1 | _aFitossociologia de matas ciliares no Pantanal Mato-Grossense | |
| 650 | _aEcologia Florestal | ||
| 650 | _aMata Ciliar | ||
| 650 | _aMato Grosso | ||
| 773 | 0 |
_tBoletim do Museu Paraense Emilio Goeldi. Serie Botanica (Brazil) _xISSN 0077-2216 _g(Dec 1996), v. 12(2) p. 251-263 _wBR9805204 |
|
| 909 |
_a202311 _bLúcia _c55 _dLúcia Elande |
||
| 942 |
_2AGRIS _n0 _cANA |
||
| 999 |
_c160049 _d160049 |
||